Curso de historia sagrada dispuesto para los colejios nacionales de la República de Chile i aprobado al efecto por el Supremo Gobierno

Gespeichert in:
Bibliographische Detailangaben
1. Verfasser: Taforo, Francisco
Format: Buch
Erschienen: Valparaíso Librería del Mercurio 1891
Ausgabe:11°
Katalog:MANES:  Suchergebnis im Bibliothekskatalog
Schulbuchspezifische Eigenschaften:
Tags: Tag hinzufügen
Keine Tags, Fügen Sie den ersten Tag hinzu!
Hinzugefügt zu:29.11.1999
Geändert in:25.04.2025

MARC

LEADER 00000nam a22000007a 4500
005 20250425101438.0
008 spa
040 |a MGM 
100 |9 22942  |a Taforo, Francisco 
245 |a Curso de historia sagrada dispuesto para los colejios nacionales de la República de Chile i aprobado al efecto por el Supremo Gobierno 
250 |a 11° 
260 |a Valparaíso  |b Librería del Mercurio   |c 1891 
300 |a 155 p.  |c 13 x 19 cm. 
500 |a Regular estado. Encuadernación dañada. Ubicación local: T 200 T124c 1891 
546 |a Chile 
561 |5 cl-MGM  |3 T 200 T124c 1891  |a Chile. Museo Gabriela Mistral  |k MANES 
690 |a RyM 
691 |a SE 
942 |2 ddc  |c BK 
999 |c 53333  |d 53333 
999 |c manes:53333  |d 53333